| 000 | 00613nam a2200169 a 4500 | ||
|---|---|---|---|
| 001 | 000041267 | ||
| 005 | 20201002034735.0 | ||
| 008 | 130927s1974 sp 000 0 spa d | ||
| 020 | _a8471700328 | ||
| 040 |
_aDO-SdBNP _bspa _cBNPHU |
||
| 100 | 1 |
_aMuñoz León, Domingo _915356 |
|
| 245 | 1 | 0 |
_aDios - Palabra : _bmemra en los targumim del Pentateuco /. / _cDomingo Muñoz León,. |
| 260 |
_aMadrid : _bInstitución San Jerónimo para la Investigación Bíblica, _c1974. |
||
| 300 |
_a757 p. ; _c25 cm. |
||
| 500 | _aAnnexos p. 641-693. 695-730. Bibliografia p. 731-743 | ||
| 710 | 2 |
_aInstitución San Jerónimo _967877 |
|
| 999 |
_c40757 _d40757 |
||